Beginning statistics: an introduction for social scientists (Record no. 35691)

MARC details
000 -LEADER
fixed length control field 00972nam a2200253 a 4500
001 - CONTROL NUMBER
control field 12504937
008 - FIXED-LENGTH DATA ELEMENTS--GENERAL INFORMATION
fixed length control field 120706s2001 ||||||||||||||||| || u
010 ## - LIBRARY OF CONGRESS CONTROL NUMBER
LC control number 2001273305
020 ## - INTERNATIONAL STANDARD BOOK NUMBER
International Standard Book Number 0761960619
020 ## - INTERNATIONAL STANDARD BOOK NUMBER
International Standard Book Number 0761960627 (pbk.)
050 ## - LIBRARY OF CONGRESS CALL NUMBER
Classification number HA 29 Dia
100 ## - MAIN ENTRY--PERSONAL NAME
Personal name Diamond, Ian
245 10 - TITLE STATEMENT
Title Beginning statistics: an introduction for social scientists
Statement of responsibility, etc. Ian Diamond and Julie Jefferies
260 ## - PUBLICATION, DISTRIBUTION, ETC.
Place of publication, distribution, etc. Thousand Oaks, CA
Name of publisher, distributor, etc. SAGE Publications
Date of publication, distribution, etc. 2001
300 ## - PHYSICAL DESCRIPTION
Extent x, 254p.: ill.
350 ## - PRICE (NR) (BK AM CF MU VM SE) [OBSOLETE]
Price 0.00
500 ## - GENERAL NOTE
General note Bibliography
650 #0 - SUBJECT ADDED ENTRY--TOPICAL TERM
Topical term or geographic name entry element STATISTICS--METHODOLOGY
650 #0 - SUBJECT ADDED ENTRY--TOPICAL TERM
Topical term or geographic name entry element SOCIAL SCEINCES--STATISTICAL METHODS
700 ## - ADDED ENTRY--PERSONAL NAME
Personal name Jefferies, Julie
856 ## - ELECTRONIC LOCATION AND ACCESS
Uniform Resource Identifier <a href="http://www.loc.gov/catdir/enhancements/fy0658/2001273305-d.html">http://www.loc.gov/catdir/enhancements/fy0658/2001273305-d.html</a>
856 ## - ELECTRONIC LOCATION AND ACCESS
Uniform Resource Identifier <a href="http://www.loc.gov/catdir/enhancements/fy0658/2001273305-t.html">http://www.loc.gov/catdir/enhancements/fy0658/2001273305-t.html</a>
995 ## - RECOMMENDATION 995 [LOCAL, UNIMARC FRANCE]
-- CBU-MAIN LIBRARY (Kitwe)
-- 0.00
-- 1
-- AVAILABLE
-- Jul 6, 2012
-- Main Library Open Access Collection
Holdings
Withdrawn status Lost status Source of classification or shelving scheme Damaged status Not for loan Home library Current library Shelving location Date acquired Total Checkouts Full call number Barcode Date last seen Price effective from Koha item type
          CBU-MAIN LIBRARY, KITWE. CBU-MAIN LIBRARY, KITWE.   11/30/2022   HA 29 Dia 743034 11/30/2022 11/30/2022 MONOGRAPH